Environmental biology / (Record no. 41170)

MARC details
000 -LEADER
fixed length control field 00657nam a22002177a 4500
005 - DATE AND TIME OF LATEST TRANSACTION
control field 20100811161539.0
010 ## - LCCN (DPL NO)
LC control number ENG-99823
020 ## - INTERNATIONAL STANDARD BOOK NUMBER
International Standard Book Number 9789380017730
Terms of availability 70.00
035 ## - SYSTEM CONTROL NUMBER
System control number EN-83355
037 ## - SOURCE OF ACQUISITION
Source of stock number/acquisition DBAD/PUB
082 ## - DEWEY DECIMAL CLASSIFICATION NUMBER
Classification number 574
100 ## - MAIN ENTRY--PERSONAL NAME
Personal name Viswanathan, M.
245 ## - TITLE STATEMENT
Title Environmental biology /
Statement of responsibility, etc by M. Viswanathan
260 ## - PUBLICATION, DISTRIBUTION, ETC. (IMPRINT)
Place of publication, distribution, etc Chennai
Name of publisher, distributor, etc Today Publication
Date of publication, distribution, etc 2009
270 ## - ADDRESS
City Chennai
Postal code 5
Address 192 Bells Road,Chennai
300 ## - PHYSICAL DESCRIPTION
Extent 113p.
Dimensions 20cm (pbk)
700 ## - ADDED ENTRY--PERSONAL NAME
9 (RLIN) 10603
700 ## - ADDED ENTRY--PERSONAL NAME
9 (RLIN) 10604
942 ## - ADDED ENTRY ELEMENTS (KOHA)
Source of classification or shelving scheme Dewey Decimal Classification
Item type English Books
Classification part 574
Call number suffix VIS
Holdings
Withdrawn status Lost status Not for loan Collection code Home library Current library Date acquired Source of acquisition Cost, normal purchase price Full call number Barcode Copy number Cost, replacement price Koha item type
    Not For Loan Non-fiction D.B.Act.Division D.B.Act.Division 11/08/2010 DBAD/PUB 70.00 574 VIS EN-83355 1 70.00 English Books

© Delhi Public Library
Hit Counter
free hit counter